[Event "Cannes op 38th"]
[Site "Cannes"]
[Date "2025.03.02"]
[Round "9"]
[White "Suleymenov, Alisher"]
[Black "Nogerbek, Kazybek"]
[Result "0-1"]
[WhiteElo "2481"]
[BlackElo "2514"]
[PlyCount "118"]
[EventDate "2025.02.24"]
[EventType "swiss"]
[EventRounds "9"]
[EventCountry "FRA"]
[SourceTitle "CB10_2025"]
[SourceDate "2025.03.05"]
[SourceVersion "1"]
[SourceVersionDate "2025.03.05"]
[SourceQuality "1"]

1. e4 c5 2. Nf3 e6 3. c3 Nf6 4. e5 Nd5 5. d4 cxd4 6. cxd4 b6 7. Bd2 Ba6 8. Nc3 Bxf1 9. Kxf1 Nxc3 10. Bxc3 Na6 11. d5 Bb4 12. Qe2 Bxc3 13. bxc3 Nc7 14. d6 Nd5 15. c4 Nb4 16. h4 Nc6 17. g3 f6 18. Kg2 0-0 19. Rab1 Rc8 20. Rhc1 fxe5 21. Nxe5 Nxe5 22. Qxe5 Rc5 23. Qe4 Qa8 24. Qxa8 Rxa8 25. Rb3 Rac8 26. Ra3 a5 27. Rb1 R8c6 28. Rab3 Rxd6 29. Rxb6 Rd2 30. R1b2 Rxb2 31. Rxb2 Rxc4 32. Rb5 Ra4 33. Rb7 Rd4 34. Kf3 Kf7 35. Ke3 Rd5 36. Ra7 Ke7 37. g4 Rc5 38. a4 h5 39. gxh5 Rxh5 40. f4 Kd6 41. Kf3 Rd5 42. Ra8 Ke7 43. Kg4 g6 44. Ra6 Kf6 45. Ra8 d6 46. Rf8+ Kg7 47. Ra8 Kf7 48. Rd8 Ke7 49. Ra8 Rc5 50. Ra6 d5 51. Kf3 Kf6 52. Kg4 d4 53. Rb6 d3 54. Rb2 Rd5 55. Rd2 Rd4 56. Kf3 Kf5 57. Ke3 Rxf4 58. Kxd3 Rxh4 59. Rf2+ Rf4 0-1

[Event "Cannes op 38th"]
[Site "Cannes"]
[Date "2025.02.28"]
[Round "7"]
[White "Suleymenov, Alisher"]
[Black "Milliet, Sophie"]
[Result "1-0"]
[WhiteElo "2481"]
[BlackElo "2368"]
[PlyCount "111"]
[EventDate "2025.02.24"]
[EventType "swiss"]
[EventRounds "9"]
[EventCountry "FRA"]
[SourceTitle "CB10_2025"]
[SourceDate "2025.03.05"]
[SourceVersion "1"]
[SourceVersionDate "2025.03.05"]
[SourceQuality "1"]

1. d4 d5 2. c4 e6 3. Nf3 Nf6 4. Nc3 c6 5. e3 Nbd7 6. Be2 Bd6 7. 0-0 0-0 8. b3 Ne4 9. Qc2 f5 10. a4 Rf7 11. Ba3 Bc7 12. Rac1 Qf6 13. cxd5 Nxc3 14. Qxc3 exd5 15. b4 g5 16. b5 g4 17. Nd2 Qh6 18. g3 Rf6 19. Rfe1 Nf8 20. a5 a6 21. bxa6 bxa6 22. Rb1 Ng6 23. Bf1 Qg7 24. Bg2 h5 25. Rec1 Qf7 26. Qc5 Bd8 27. Rb2 h4 28. Rcb1 Bc7 29. Rc1 Bd8 30. Qb4 Bc7 31. Qa4 h3 32. Bf1 f4 33. exf4 Re6 34. Rxc6 Bd7 35. Rxc7 Bxa4 36. Rxf7 Kxf7 37. f5 Re1 38. fxg6+ Kxg6 39. f3 Bb5 40. Kf2 Rae8 41. Bxb5 axb5 42. Nf1 R1e6 43. Bb4 gxf3 44. Bd2 Re2+ 45. Kxf3 Rg2 46. Rxb5 Ree2 47. Kg4 Rg1 48. a6 Re4+ 49. Kxh3 Re8 50. Ne3 Ra1 51. Rb6+ Kf7 52. Nxd5 Rh8+ 53. Rh6 Rd8 54. Nc7 Ra2 55. Bf4 Rxd4 56. a7 1-0

[Event "Cappelle op 41st"]
[Site "Cappelle la Grande"]
[Date "2025.02.21"]
[Round "9"]
[White "Suleymenov, Alisher"]
[Black "Meillon, Judicael"]
[Result "1-0"]
[WhiteElo "2481"]
[BlackElo "2321"]
[PlyCount "223"]
[EventDate "2025.02.15"]
[EventType "swiss"]
[EventRounds "9"]
[EventCountry "FRA"]
[SourceTitle "CB09_2025"]
[SourceDate "2025.02.27"]
[SourceVersion "1"]
[SourceVersionDate "2025.02.27"]
[SourceQuality "1"]

1. d4 d5 2. c4 c6 3. Nc3 Nf6 4. Nf3 dxc4 5. a4 e6 6. e3 c5 7. Bxc4 Nc6 8. 0-0 cxd4 9. exd4 Be7 10. Qe2 0-0 11. Rd1 Nb4 12. Bg5 Bd7 13. d5 Nbxd5 14. Nxd5 exd5 15. Bxd5 Nxd5 16. Rxd5 Bxg5 17. Nxg5 h6 18. Qd2 hxg5 19. Rxd7 Qf6 20. Rd1 Rac8 21. h3 b6 22. b4 a5 23. bxa5 bxa5 24. Qxa5 Rc2 25. R7d2 Rxd2 26. Qxd2 Ra8 27. Qb4 Qe5 28. Qb5 Qf6 29. a5 Qc3 30. a6 Qa3 31. Qb7 Rxa6 32. Qc8+ Kh7 33. Qf5+ Kh6 34. Qxf7 Rf6 35. Qe8 Qc5 36. Qe2 Kg6 37. Rf1 Qc6 38. Qd3+ Kh6 39. Rd1 Qc5 40. Qg3 Qb4 41. Qe3 Qb6 42. Qd2 Kg6 43. Qc2+ Kh6 44. Rd3 Rc6 45. Qd2 Qc7 46. Rg3 Qf4 47. Qxf4 gxf4 48. Rg4 f3 49. gxf3 Ra6 50. f4 Rb6 51. Kg2 Rb3 52. Rg5 Ra3 53. Rg3 Ra4 54. Rg4 Ra5 55. h4 Ra4 56. Kg3 Ra3+ 57. f3 Ra1 58. f5 Kh5 59. Rg5+ Kh6 60. Rg6+ Kh7 61. Kg4 Rg1+ 62. Kh5 Rf1 63. Rg3 Rf2 64. Kg5 Ra2 65. f4 Ra5 66. Re3 Ra6 67. h5 Ra5 68. Re7 Ra6 69. Re6 Ra5 70. Rb6 Rc5 71. Rd6 Ra5 72. Rd7 Ra6 73. Kg4 Kh6 74. Re7 Kh7 75. Re6 Ra1 76. f6 gxf6 77. Rxf6 Kg7 78. Rg6+ Kf7 79. Rb6 Kg7 80. Rb3 Kh6 81. Rb6+ Kg7 82. Re6 Kf7 83. Kf5 Ra5+ 84. Re5 Ra6 85. Rb5 Kg7 86. Kg5 Ra7 87. f5 Rc7 88. Rb6 Ra7 89. Re6 Rb7 90. Re5 Kf7 91. f6 Rb1 92. Re7+ Kg8 93. h6 Rg1+ 94. Kf5 Rf1+ 95. Ke6 Kf8 96. Rf7+ Kg8 97. Rg7+ Kh8 98. Rg5 Ra1 99. f7 Ra6+ 100. Kd5 Ra5+ 101. Kc6 Rxg5 102. f8Q+ Kh7 103. Kd6 Rg1 104. Ke5 Re1+ 105. Kd4 Rd1+ 106. Ke3 Rg1 107. Qf4 Rg6 108. Ke4 Re6+ 109. Kf5 Ra6 110. Qc7+ Kxh6 111. Qh2+ Kg7 112. Qb2+ 1-0

[Event "Cappelle op 41st"]
[Site "Cappelle la Grande"]
[Date "2025.02.20"]
[Round "8"]
[White "Boyer, Mahel"]
[Black "Suleymenov, Alisher"]
[Result "1-0"]
[WhiteElo "2509"]
[BlackElo "2481"]
[PlyCount "81"]
[EventDate "2025.02.15"]
[EventType "swiss"]
[EventRounds "9"]
[EventCountry "FRA"]
[SourceTitle "CB09_2025"]
[SourceDate "2025.02.27"]
[SourceVersion "1"]
[SourceVersionDate "2025.02.27"]
[SourceQuality "1"]

1. Nf3 d5 2. b3 c5 3. e3 Nf6 4. Bb2 e6 5. Bb5+ Nbd7 6. 0-0 Be7 7. a4 0-0 8. d4 a6 9. Bd3 b6 10. Nbd2 Bb7 11. Qe2 Ne4 12. Rfd1 cxd4 13. exd4 f5 14. c4 Bd6 15. Ne5 Qh4 16. Ndf3 Qe7 17. Nxd7 Qxd7 18. Ne5 Qe7 19. a5 bxa5 20. Rxa5 Qd8 21. Qe1 Bc7 22. Ra3 Rf6 23. Bf1 Bd6 24. c5 Bxe5 25. dxe5 Rg6 26. b4 f4 27. f3 Ng5 28. Bd4 Nf7 29. Rda1 Nh6 30. b5 Nf5 31. Bf2 axb5 32. Rxa8 Bxa8 33. Qa5 Qxa5 34. Rxa5 Bc6 35. Ra6 Ne7 36. Bh4 Nf5 37. Rxc6 Nxh4 38. Kf2 Kf7 39. Rd6 Nf5 40. c6 Ne7 41. c7 1-0

[Event "Cappelle op 41st"]
[Site "Cappelle la Grande"]
[Date "2025.02.19"]
[Round "7"]
[White "Suleymenov, Alisher"]
[Black "Zylka, Stanislaw"]
[Result "1-0"]
[WhiteElo "2481"]
[BlackElo "2346"]
[PlyCount "43"]
[EventDate "2025.02.15"]
[EventType "swiss"]
[EventRounds "9"]
[EventCountry "FRA"]
[SourceTitle "CB09_2025"]
[SourceDate "2025.02.27"]
[SourceVersion "1"]
[SourceVersionDate "2025.02.27"]
[SourceQuality "1"]

1. d4 d5 2. c4 e6 3. Nc3 h6 4. Nf3 Nf6 5. a3 b6 6. Bf4 Bd6 7. Be5 dxc4 8. Bxf6 Qxf6 9. e4 Qd8 10. e5 Be7 11. Bxc4 0-0 12. 0-0 Bb7 13. d5 exd5 14. Nxd5 Nc6 15. Ba2 a5 16. Qc2 Kh8 17. Rad1 Qc8 18. Bb1 g6 19. e6 Qxe6 20. Rfe1 Qg4 21. Qc3+ Kg8 22. Rxe7 1-0

[Event "Cappelle op 41st"]
[Site "Cappelle la Grande"]
[Date "2025.02.16"]
[Round "2"]
[White "Iglesias, Yosha"]
[Black "Suleymenov, Alisher"]
[Result "0-1"]
[WhiteElo "2300"]
[BlackElo "2481"]
[PlyCount "88"]
[EventDate "2025.02.15"]
[EventType "swiss"]
[EventRounds "9"]
[EventCountry "FRA"]
[SourceTitle "CB09_2025"]
[SourceDate "2025.02.27"]
[SourceVersion "1"]
[SourceVersionDate "2025.02.27"]
[SourceQuality "1"]

1. d4 d5 2. c4 e6 3. Nc3 a6 4. cxd5 exd5 5. Bf4 c6 6. e3 Bd6 7. Bxd6 Qxd6 8. Bd3 Ne7 9. Nge2 Bf5 10. Nf4 0-0 11. 0-0 Nd7 12. Qc2 g6 13. Na4 Rfe8 14. b4 b6 15. Rfc1 Bxd3 16. Nxd3 a5 17. a3 axb4 18. axb4 b5 19. Nac5 Nb6 20. Qc3 Nc4 21. e4 dxe4 22. Nxe4 Qe6 23. Ndc5 Qf5 24. Rxa8 Rxa8 25. Ra1 Rd8 26. Ra7 Nd5 27. Qf3 Qxf3 28. gxf3 Nf4 29. h4 Rxd4 30. Nd7 Kg7 31. Kh2 Nd3 32. Ndf6 Nxf2 33. Ne8+ Kf8 34. N4f6 Rd2 35. Kg3 Ne3 36. Ra8 Nf5+ 37. Kf4 Rd4+ 38. Ne4 Ke7 39. N8f6 Nxe4 40. Ng8+ Ke6 41. Re8+ Kd7 42. Rxe4 h5 43. Kg5 Rxe4 44. fxe4 Ne7 0-1

[Event "Wch Blitz"]
[Site "New York"]
[Date "2024.12.30"]
[Round "12"]
[White "Suleymenov, Alisher"]
[Black "Kobalia, Mihail"]
[Result "1-0"]
[WhiteElo "2500"]
[BlackElo "2543"]
[PlyCount "79"]
[EventDate "2024.12.30"]
[EventType "swiss (blitz)"]
[EventRounds "13"]
[EventCountry "USA"]
[SourceTitle "CB01_2025"]
[SourceDate "2025.01.01"]
[SourceVersion "1"]
[SourceVersionDate "2025.01.01"]
[SourceQuality "1"]

1. d4 d5 2. c4 c6 3. Nf3 Nf6 4. Nc3 e6 5. e3 a6 6. b3 Bb4 7. Bd2 Nbd7 8. Bd3 0-0 9. 0-0 Bd6 10. e4 dxc4 11. bxc4 e5 12. c5 Bc7 13. Qc2 exd4 14. Na4 Re8 15. h3 Nf8 16. e5 Nd5 17. Ng5 g6 18. f4 f6 19. exf6 Qxf6 20. Ne4 Qg7 21. Nd6 Bxd6 22. cxd6 Be6 23. Nc5 Rad8 24. d7 Bxd7 25. Nxb7 Rb8 26. Nc5 Ne3 27. Bxe3 dxe3 28. Qc4+ Kh8 29. Rae1 Bf5 30. Nxa6 Rb2 31. Rf3 Bxd3 32. Qxd3 Rd2 33. Qc4 Qb2 34. Rg3 e2 35. Kh2 Rd1 36. Qf7 Qg7 37. Qxe8 Rxe1 38. Re3 h5 39. Nc5 Kh7 40. Re7 1-0

[Event "Wch Blitz"]
[Site "New York"]
[Date "2024.12.30"]
[Round "4"]
[White "Suleymenov, Alisher"]
[Black "Lenderman, Aleksandr"]
[Result "0-1"]
[WhiteElo "2500"]
[BlackElo "2480"]
[PlyCount "94"]
[EventDate "2024.12.30"]
[EventType "swiss (blitz)"]
[EventRounds "13"]
[EventCountry "USA"]
[SourceTitle "CB01_2025"]
[SourceDate "2025.01.01"]
[SourceVersion "1"]
[SourceVersionDate "2025.01.01"]
[SourceQuality "1"]

1. d4 e6 2. c4 b6 3. e4 Bb4+ 4. Nc3 Bb7 5. f3 f5 6. exf5 Ne7 7. fxe6 Nf5 8. Bf4 0-0 9. Bd3 dxe6 10. Nge2 Nc6 11. Be4 Nfxd4 12. Nxd4 Rxf4 13. Nxc6 Rxe4+ 14. Kf1 Qxd1+ 15. Rxd1 Bxc3 16. fxe4 Bxb2 17. Nd8 Ba6 18. Kf2 Bxc4 19. Nc6 Bb5 20. Nd4 Bc4 21. Ke3 Ba3 22. Rd2 Bc5 23. Kf3 Rf8+ 24. Kg3 Bd6+ 25. Kh3 Rf4 26. Rc1 b5 27. Nf3 Rxe4 28. a4 a6 29. axb5 axb5 30. Ra1 h6 31. Ra8+ Kh7 32. Rb8 g5 33. g4 b4 34. Rd4 Re3 35. Rxc4 Rxf3+ 36. Kg2 Rb3 37. Rc2 Rd3 38. Re2 e5 39. Rb5 Rd4 40. h3 Kg6 41. Rf2 e4 42. Rbf5 e3 43. Rf6+ Kg7 44. Rf7+ Kg8 45. R2f5 e2 46. Kf2 Re4 47. Rf3 e1Q+ 0-1

[Event "Wch Rapid"]
[Site "New York"]
[Date "2024.12.28"]
[Round "11"]
[White "Barbosa, Oliver"]
[Black "Suleymenov, Alisher"]
[Result "0-1"]
[WhiteElo "2610"]
[BlackElo "2413"]
[PlyCount "148"]
[EventDate "2024.12.26"]
[EventType "swiss (rapid)"]
[EventRounds "13"]
[EventCountry "USA"]
[SourceTitle "CB01_2025"]
[SourceDate "2025.01.01"]
[SourceVersion "1"]
[SourceVersionDate "2025.01.01"]
[SourceQuality "1"]

1. Nf3 Nf6 2. c4 c5 3. Nc3 d5 4. cxd5 Nxd5 5. g3 g6 6. h4 Bg7 7. h5 Nc6 8. Bg2 Bf5 9. Nxd5 Qxd5 10. d3 Qd7 11. Qa4 Rc8 12. hxg6 hxg6 13. Rxh8+ Bxh8 14. Qh4 Bf6 15. Bg5 Qe6 16. Bxf6 Qxf6 17. Qxf6 exf6 18. Rc1 b6 19. Nd2 Ne5 20. f4 Ng4 21. Nc4 Ke7 22. Kd2 Be6 23. a4 Rc7 24. Na3 Bd7 25. b3 f5 26. Rh1 Nf6 27. Bf3 Bc6 28. Bxc6 Rxc6 29. Rh8 Nh5 30. Ra8 a5 31. Ra7+ Kf8 32. Nc4 Re6 33. Ne5 Re7 34. Rxe7 Kxe7 35. Ke3 Nxg3 36. Kf3 Nh5 37. Nc4 Ng7 38. Nxb6 Ne6 39. e3 Nd8 40. d4 Nb7 41. Ke2 cxd4 42. exd4 f6 43. Kd3 g5 44. Nd5+ Ke6 45. Ne3 Nd6 46. d5+ Kd7 47. Ng2 Ne4 48. Kd4 Nd2 49. Kc3 Ne4+ 50. Kd4 Nd2 51. b4 axb4 52. Kd3 Ne4 53. Kc4 Kd6 54. a5 b3 55. Kxb3 Kxd5 56. Kb4 Kc6 57. Kc4 Nd2+ 58. Kc3 Nf3 59. Ne3 Nh4 60. Nc4 Kb5 61. fxg5 fxg5 62. Kd3 g4 63. Ke3 g3 64. Nb6 f4+ 65. Ke2 f3+ 66. Ke3 f2 67. Ke2 Nf5 68. Nd5 Kxa5 69. Kf1 Ka6 70. Ke2 Kb7 71. Kf1 Kc6 72. Nb4+ Kb5 73. Nc2 Kc4 74. Kg2 Kd3 0-1

[Event "Wch Rapid"]
[Site "New York"]
[Date "2024.12.28"]
[Round "12"]
[White "Suleymenov, Alisher"]
[Black "Donchenko, Alexander"]
[Result "1/2-1/2"]
[WhiteElo "2413"]
[BlackElo "2578"]
[PlyCount "201"]
[EventDate "2024.12.26"]
[EventType "swiss (rapid)"]
[EventRounds "13"]
[EventCountry "USA"]
[SourceTitle "CB01_2025"]
[SourceDate "2025.01.01"]
[SourceVersion "1"]
[SourceVersionDate "2025.01.01"]
[SourceQuality "1"]

1. d4 Nf6 2. c4 g6 3. Nc3 Bg7 4. e4 d6 5. Nf3 Bg4 6. Be2 Bxf3 7. Bxf3 e5 8. d5 h5 9. Qb3 b6 10. 0-0 Nbd7 11. Qc2 a5 12. a3 Nc5 13. Be3 Ng4 14. Bd2 a4 15. h3 Nf6 16. Be3 Nfd7 17. Rae1 Bh6 18. Bxh6 Rxh6 19. Qd2 Rh7 20. Bd1 g5 21. g3 Nf8 22. Kg2 Ng6 23. Rh1 f6 24. Bf3 Kf7 25. Nb5 Qd7 26. Qe2 Rah8 27. Reg1 Ke8 28. Nc3 Kd8 29. Qc2 Ke7 30. Bd1 Ra8 31. Qe2 Qe8 32. Kf1 Kd8 33. Ke1 Kc8 34. Kd2 Kb7 35. Kc1 Qd7 36. Kb1 Ne7 37. Bc2 f5 38. f4 gxf4 39. gxf4 exf4 40. e5 f3 41. Qe3 dxe5 42. Qxe5 Re8 43. Rf1 Rf7 44. Qf4 Ng6 45. Qxf3 Ne5 46. Qf4 Ned3 47. Qd4 Ne5 48. Rhg1 f4 49. Rg5 Qxh3 50. Rxf4 Nf3 51. Rxf3 Qxf3 52. Nxa4 Nb3 53. Qd1 Qxd1+ 54. Bxd1 Rf1 55. Kc2 h4 56. Rh5 Nd4+ 57. Kd2 Rh1 58. Rh7 Kb8 59. c5 h3 60. cxb6 cxb6 61. Nxb6 Rg8 62. Nd7+ Kc8 63. Nb6+ Kb8 64. Nd7+ Kc8 65. Nb6+ Kd8 66. Ba4 Nf3+ 67. Ke3 Ne5 68. Kd4 h2 69. Kxe5 Re1+ 70. Kd6 Rg6+ 71. Kc5 Rc1+ 72. Nc4 h1Q 73. Rxh1 Rxh1 74. Bc6 Rc1 75. a4 Rg2 76. b4 Rg4 77. Bb5 Kc7 78. a5 Rg5 79. Bc6 Rg4 80. d6+ Kd8 81. Bd5 Ra1 82. Ne5 Rc1+ 83. Kb5 Rh4 84. a6 Rh5 85. a7 Ra1 86. a8Q+ Rxa8 87. Bxa8 Rxe5+ 88. Kc6 Re1 89. b5 Rc1+ 90. Kd5 Rd1+ 91. Kc5 Rc1+ 92. Kd5 Rd1+ 93. Ke6 Re1+ 94. Kd5 Rd1+ 95. Ke5 Re1+ 96. Be4 Kd7 97. b6 Rxe4+ 98. Kxe4 Kxd6 99. b7 Kc7 100. Kd5 Kxb7 101. Ke4 1/2-1/2